Ricostruisci la Carriera del Calciatore - Éder - Statistics

Statistiche generali
  • Questo quiz è stato fatto 24 volte
  • Il punteggio medio è 3 su 11
Statistiche sulle risposte
Hint Risposta % Corretto
2016-2018 Inter
64%
2005-2006 Criciúma
55%
2011-2012 Cesena
45%
2018-2021 Jiangsu Suning
45%
2021-2023 San Paolo
36%
2012-2016 Sampdoria
27%
2010-2011 Brescia
18%
2023- Criciúma
18%
2009-2010 Empoli
18%
2008-2009 Frosinone
9%
2006-2008 Empoli
0%
Nessun quiz corrispondente trovato
Distribuzione punteggi
Percentuale di utenti per punteggio
Percentile per numero di risposta
I tuoi punteggi nel tempo
Non hai fatto questo quiz